Los Angeles Rams - General Knowledge - Statistics

General Stats
  • This quiz has been taken 6 times
    4 since last reset
  • The average score is 10 of 15
Answer Stats
Hint Answer % Correct
What year were the Los Angeles Rams founded and joined the NFL? 1937
100%
When did the Los Angeles Rams win their first Super Bowl? 1999
100%
How many Super Bowls have the Los Angeles Rams won? 2
100%
What division do the Los Angeles Rams currently play in? NFC West
100%
The Rams won the Super Bowl in their home stadium in 2022. What is the name of this stadium? SoFi Stadium
100%
The Rams have won an NFL Championship in which city other than the one they started in and Los Angeles, where they currently play? St Louis
100%
What city did the Los Angeles Rams originally play in? Cleveland
75%
What was the nickname of the Rams during their first Super Bowl run? The Greatest Show on Turf
75%
Which Rams quarterback was a former grocery store worker before signed by the Rams and became the leader of the above Rams team? Kurt Warner
50%
What was the shape of the above item on the helmet? Ram Horns
50%
The Los Angeles Rams moved from this city after winning the NFL championship against the Washington Redskins in what year? 1945
25%
What famous Rams group was made up of the players Lamar Lundy, Rosey Grier, Merlin Olsen and Deacon Jones? Fearsome Foursome
25%
What college did the Los Angeles Rams get their name from? Fordham
25%
The Rams were the first NFL team to feature a what on their helmet? Logo
25%
Which Rams player broke the color barrier in 1946, one whole year before Jackie Robinson did? Kenny Washington
0%
No matching quizzes found
Score Distribution
Percent of People with Each Score
Percentile by Number Answered
Your Score History
You have not taken this quiz since the last reset